| 000 | 00704nam a2200289Ia 4500 | ||
|---|---|---|---|
| 005 | 20260324111330.0 | ||
| 008 | 008 260324s9999 xx 000 0 eng d | ||
| 020 | _a9781003589228 | ||
| 037 | _aEBOOK | ||
| 040 | _aCRL | ||
| 040 | _beng | ||
| 040 | _cCRL | ||
| 041 | _2eng | ||
| 041 | _aeng | ||
| 084 | _qCRL | ||
| 100 |
_aSoumya Awasthi _91138114 |
||
| 245 | 0 | _aDiverse Narratives and Shared Beliefs | |
| 245 | 0 | _bClassical to Hybrid Deoband Islam in South Asia | |
| 260 | _bTaylor and Francis | ||
| 260 | _c2025 | ||
| 365 | _a | ||
| 365 | _b230 | ||
| 856 | _uhttp://www.taylorfrancis.com/books/9781003589228 | ||
| 942 | _cEBOOK | ||
| 999 |
_c1726907 _d1726907 |
||